000 00951nam a22002417a 4500
003 URS
005 20220904155240.0
008 220904b |||||||| |||| 00| 0 eng d
100 _92321
_aMission, Jomari B.
_eauthor
245 _aDevelopment and Evaluation of Transaction Processing System for Skin Magical in Morong, Rizal
_cJomari B. Mission, Ianpaul S. Inocentes, Ralmon G. Mendoza, Felix A. Sulit Jr.
260 _c2019
300 _axiii, 105 leaves
_c28 cm
336 _2rdacontent
_atext
337 _2rdamedia
_aunmediated
338 _2rdacarrier
_avolume
502 _aThesis
_bBachelor of Science in Information System
_cUniversity of Rizal System, Binangonan
_d2019
504 _aincludes bibliographical references
700 _92318
_aInocentes, Ianpaul S.
_eauthor
700 _92311
_aDe Jesus, Ernan P. MSIT
_eadviser
700 _92320
_aSulit, Felix A. Jr.
_eauthor
700 _92319
_aMendoza, Ralmon G.
_eauthor
942 _2lcc
_cT
999 _c58576
_d58576